[Event "Rodovre-ch C"]
[Site "Rodovre"]
[Date "2005.09.13"]
[Round "2"]
[White "Rugaard, Michael R"]
[Black "Clausen, Leif"]
[Result "1-0"]
[WhiteElo "1300"]
[BlackElo "1076"]
[PlyCount "79"]
[EventDate "2005.09.06"]
[EventType "swiss"]
[EventRounds "7"]
[EventCountry "DEN"]
[SourceTitle "EXT 2023"]
[Source "ChessBase"]
[SourceDate "2022.10.05"]
[SourceVersion "1"]
[SourceVersionDate "2022.10.05"]
[SourceQuality "1"]

1. d4 f5 2. c4 Nf6 3. Nc3 e6 4. Nf3 Be7 5. Bd2 b6 6. e3 Bb7 7. Be2 0-0 8. 0-0 c5 9. Ng5 cxd4 10. exd4 Bb4 11. a3 Bxc3 12. bxc3 Ne4 13. Nxe4 Bxe4 14. Bf4 Bb7 15. Qd2 Nc6 16. d5 Na5 17. Rab1 Ba6 18. Qd4 Rc8 19. Rb4 Nb7 20. Rd1 Nc5 21. Be5 Qe7 22. h4 d6 23. Bh2 e5 24. Qd2 Qxh4 25. Qa2 Ne4 26. Rf1 Nxc3 27. Qd2 Ne4 28. Qc2 Bb7 29. Qd3 Nc5 30. Qc2 f4 31. a4 Na6 32. Rb3 Bxd5 33. Rh3 Qg5 34. Qxh7+ Kf7 35. cxd5 Nc5 36. Qc2 Rh8 37. Qc3 Rxh3 38. Qxh3 Nxa4 39. Qxc8 Qe7 40. Rc1 1-0

[Event "Rodovre-ch D"]
[Site "Rodovre"]
[Date "2004.10.05"]
[Round "6"]
[White "Meldal, Peter"]
[Black "Clausen, Leif"]
[Result "1-0"]
[WhiteElo "1216"]
[BlackElo "1141"]
[PlyCount "107"]
[EventDate "2004.08.31"]
[EventType "tourn"]
[EventRounds "7"]
[EventCountry "DEN"]
[SourceTitle "EXT 2023"]
[Source "ChessBase"]
[SourceDate "2022.10.05"]
[SourceVersion "1"]
[SourceVersionDate "2022.10.05"]
[SourceQuality "1"]

1. d4 f5 2. c4 Nf6 3. Nc3 e6 4. Bg5 Be7 5. g3 0-0 6. Bg2 Nc6 7. Nf3 Qe8 8. 0-0 Rb8 9. Nb5 Qd8 10. Bf4 d6 11. c5 a6 12. cxd6 cxd6 13. Nc3 b5 14. a3 Bb7 15. Rc1 Qd7 16. Re1 Rbd8 17. Qc2 Na5 18. Bd2 Nc4 19. Bg5 Be4 20. Nxe4 Nxe4 21. Bxe7 Qxe7 22. e3 Rc8 23. Re2 Qd8 24. Qb1 Qf6 25. Rec2 Rce8 26. a4 Nb6 27. axb5 axb5 28. Rc6 Nc4 29. b3 Ncd2 30. Qd3 Nxf3+ 31. Bxf3 d5 32. Qxb5 Rb8 33. Rb6 Qd8 34. Rxb8 Qxb8 35. Qxb8 Rxb8 36. Bxe4 fxe4 37. Rb1 g5 38. Rb2 Kf7 39. Kg2 g4 40. b4 h5 41. h3 Kf6 42. b5 Rb6 43. hxg4 hxg4 44. Kf1 e5 45. Ke2 exd4 46. exd4 Ke6 47. Ke3 Kf5 48. Rb3 Rb7 49. b6 Kg5 50. Rb5 Kg6 51. Rxd5 Rxb6 52. Kxe4 Re6+ 53. Re5 Rf6 54. Ke3 1-0